00000000nam 2200000zi 4500
0019.929441
003CaOODSP
00520250131154327
006m     o  d f      
007cr mn|||||||||
008231025e202312##quca    obs  f000 0 fre d
020 |a9780660684796
040 |aCaOODSP|bfre|erda|cCaOODSP
043 |an-cn---
045 |ax7y2
0861 |aEn4-144/83-2023F-PDF
24500|aIndicateurs canadiens de durabilité de l'environnement : |bchangement de statut des espèces sauvages en péril.
24630|aChangement de statut des espèces sauvages en péril
264 1|aGatineau (Québec) : |bEnvironnement et changement climatique Canada = Environment and Climate Change Canada, |cdécembre 2023.
264 4|c©2023
300 |a1 ressource en ligne (13 pages) : |billustration en couleur
336 |atexte|btxt|2rdacontent/fre
337 |ainformatique|bc|2rdamedia/fre
338 |aressource en ligne|bcr|2rdacarrier/fre
500 |aPublié aussi en anglais sous le titre : Canadian environmental sustainability indicators : changes in the status of wildlife species at risk.
504 |aComprend des références bibliographiques (page 10).
520 |a« Les espèces sauvages sont essentielles à l'intégrité des écosystèmes. Cependant, certaines espèces sauvages sont à risque de disparaître du Canada. Les espèces sauvages considérées comme étant en péril font périodiquement l'objet d'une évaluation. Cet indicateur présente les changements de statut des espèces sauvages en péril lorsqu'elles sont réévaluées. Les changements de statut au fil du temps peuvent aider à déterminer si les conditions pour ces espèces sauvages s'améliorent » -- Page 5.
650 6|aEspèces en voie de disparition|zCanada|vStatistiques.
650 6|aIndicateurs écologiques|zCanada.
655 7|aStatistiques|2rvmgf
7101 |aCanada. |bEnvironnement et changement climatique Canada, |eorganisme de publication.
77508|tCanadian environmental sustainability indicators : |w(CaOODSP)9.929439
794 |tIndicateurs canadiens de durabilité de l'environnement : |b[Édition de janvier 2025].|w(CaOODSP)9.945091
795 |tIndicateurs canadiens de durabilité de l'environnement : |b2022|w(CaOODSP)9.915383
85640|qPDF|s342 Ko|uhttps://publications.gc.ca/collections/collection_2024/eccc/en4/En4-144-83-2023-fra.pdf
8564 |qHTML|sS.O.|uhttps://www.canada.ca/fr/environnement-changement-climatique/services/indicateurs-environnementaux/changement-statut-especes-sauvages-peril.html
986 |aEC23015